Geomatics World (Record no. 118510)

MARC details
000 -LEADER
fixed length control field 00769cas a22002415a 4500
008 - FIXED-LENGTH DATA ELEMENTS--GENERAL INFORMATION
fixed length control field 070608c2001 xxkbr p 0 a0eng
022 ## - INTERNATIONAL STANDARD SERIAL NUMBER
International Standard Serial Number 0927-7900
035 ## - SYSTEM CONTROL NUMBER
System control number (Sirsi) u98754
041 ## - LANGUAGE CODE
Language code of text/sound track or separate title eng
245 00 - TITLE STATEMENT
Title Geomatics World
260 ## - PUBLICATION, DISTRIBUTION, ETC.
Place of publication, distribution, etc. Lemmer
Name of publisher, distributor, etc. GITC bv
Date of publication, distribution, etc. 2001-
362 0# - DATES OF PUBLICATION AND/OR SEQUENTIAL DESIGNATION
Dates of publication and/or sequential designation London: 9(6) September/October 2001-
362 0# - DATES OF PUBLICATION AND/OR SEQUENTIAL DESIGNATION
Dates of publication and/or sequential designation Edinburgh: 9(6) September/October 2001-
520 ## - SUMMARY, ETC.
Summary, etc. Sponsored by the Royal Institution of Chartered Surveyors
554 ## -
-- Six per year
650 ## - SUBJECT ADDED ENTRY--TOPICAL TERM
Topical term or geographic name entry element HYDROGRAPHIC SURVEYING
650 ## - SUBJECT ADDED ENTRY--TOPICAL TERM
Topical term or geographic name entry element LAND SURVEYING
650 ## - SUBJECT ADDED ENTRY--TOPICAL TERM
Topical term or geographic name entry element MAPPING AND MEASUREMENT
650 ## - SUBJECT ADDED ENTRY--TOPICAL TERM
Topical term or geographic name entry element MINING AND MINERALS
780 00 - PRECEDING ENTRY
Title SW
Edition Journal for Land Survey, Hydrographic Survey and Land Information Management
International Standard Serial Number 0927-7900
942 ## - ADDED ENTRY ELEMENTS (KOHA)
Suppress in OPAC 0
948 ## - LOCAL PROCESSING INFORMATION (OCLC); SERIES PART DESIGNATOR (RLIN)
c (OCLC) 03/02/1994
Holdings
Withdrawn status Lost status Source of classification or shelving scheme Damaged status Not for loan Home library Current library Shelving location Date acquired Total Checkouts Full call number Barcode Date last seen Price effective from Koha item type
    Other/Generic Classification Scheme     London London Gallery 20/10/2004   GEOMATICS WORLD 98754-1001 06/08/2019 06/08/2019 Journal